Introduction to Risk Management (Record no. 18437)
[ view plain ]
| 000 -LEADER | |
|---|---|
| fixed length control field | 00419nam a22001577a 4500 |
| 008 - FIXED-LENGTH DATA ELEMENTS--GENERAL INFORMATION | |
| fixed length control field | 200807b xxu||||| |||| 00| 0 eng d |
| 020 ## - INTERNATIONAL STANDARD BOOK NUMBER | |
| International Standard Book Number | 0131394126 |
| 050 ## - LIBRARY OF CONGRESS CALL NUMBER | |
| Classification number | HG8051 |
| Item number | .D67 2005 |
| 100 ## - MAIN ENTRY--PERSONAL NAME | |
| Personal name | Dorfman, Mark S. |
| 245 ## - TITLE STATEMENT | |
| Title | Introduction to Risk Management |
| Statement of responsibility, etc. | Mark S. Dorfman |
| 250 ## - EDITION STATEMENT | |
| Edition statement | 10th ed. |
| 260 ## - PUBLICATION, DISTRIBUTION, ETC. (IMPRINT) | |
| Place of publication, distribution, etc. | Boston |
| Name of publisher, distributor, etc. | Pearson |
| Date of publication, distribution, etc. | 2005 |
| 300 ## - PHYSICAL DESCRIPTION | |
| Extent | xxxi, 459p. |
| 700 ## - ADDED ENTRY--PERSONAL NAME | |
| Personal name | David A. Cather |
| 942 ## - ADDED ENTRY ELEMENTS (KOHA) | |
| Source of classification or shelving scheme | Library of Congress Classification |
| Koha item type | General Collection |
| Withdrawn status | Lost status | Source of classification or shelving scheme | Not for loan | Home library | Current library | Date acquired | Cost, normal purchase price | Total Checkouts | Full call number | Barcode | Date last seen | Price effective from | Koha item type |
|---|---|---|---|---|---|---|---|---|---|---|---|---|---|
| Library of Congress Classification | Kabarak, Main Campus | Kabarak, Main Campus | 07/08/2020 | 21080.00 | HG8051 .D67 2005 c.1 | 028948 | 07/08/2020 | 07/08/2020 | General Collection | ||||
| Library of Congress Classification | Kabarak, Main Campus | Kabarak, Main Campus | 07/08/2020 | 21080.00 | HG8051 .D67 2005 c.2 | 028949 | 07/08/2020 | 07/08/2020 | General Collection | ||||
| Library of Congress Classification | Kabarak, Nakuru City Campus | Kabarak, Nakuru City Campus | 07/08/2020 | 21080.00 | HG8051 .D67 2005 c.1 | 028950 | 07/08/2020 | 07/08/2020 | General Collection |